| 000 | 00638nam a22001817i 4500 | ||
|---|---|---|---|
| 999 |
_c22844 _d22844 |
||
| 003 | AR-CdUCM | ||
| 008 | 240424b pe ||||| |||| 00| 0 spa d | ||
| 040 |
_aMUNICIPALIDAD PROVINCIAL DEL CUSCO _cBIBLIOTECA MUNICIPAL DEL CUSCO |
||
| 082 |
_2Segunda edición, _a918.561 / V49 _bV49 |
||
| 100 |
_aVergara Valenza, Zoilo _949618 |
||
| 245 | _aGuía Turística del Sur del Perú / | ||
| 260 | _aCusco : | ||
| 300 |
_a116 páginas. : _c20.8 cm. |
||
| 500 | _zBibliografía: páginas 112-113 | ||
| 505 | _aGeografía del Perú -- Descripción de mapas -- Lima -- Arequipa -- Puno -- Cusco | ||
| 942 |
_2ddc _cLIBROS |
||
| 945 |
_apbj _d2024-04-24 |
||